000 00573nam a22001817a 4500
003 OSt
005 20251216080730.0
008 251216b |||||||| |||| 00| 0 eng d
040 _aDWCL-Main lib.
_cOC
082 _aFil. 371.071 M337a 2001
100 _aMaribao, Joel Fr., SVD
245 _aAssessing schools/
_cFr. Joel Maribao, SVD
260 _aPhilippines:
_bLogos Publications, Inc.,
_cc2001.
300 _a77 p. ;
_c 23 cm.
504 _aIncludes appendix and bibliography.
650 _aReligious Schools - Assessment of.
942 _2ddc
_cBK - FIL
_hFil.
_n0
999 _c7132
_d7132